|
|
|
|
| LEADER |
01553nam a2200469 a 4500 |
| 001 |
nkc20092007402 |
| 003 |
CZ PrNK |
| 005 |
20240312083708.0 |
| 007 |
ta |
| 008 |
091021s2009 xr a e e 001 0 cze |
| 015 |
|
|
|a cnb002007402
|
| 020 |
|
|
|a 978-80-206-1037-9
|q (váz.)
|
| 035 |
|
|
|a (OCoLC)551385388
|
| 040 |
|
|
|a ABA001
|b cze
|
| 041 |
1 |
|
|a cze
|h eng
|
| 072 |
|
7 |
|a 623
|x Vojenská technika
|2 Konspekt
|9 19
|
| 080 |
|
|
|a 623.82
|2 MRF
|
| 080 |
|
|
|a 623.827
|2 MRF
|
| 080 |
|
|
|a 355.48:355.353
|2 MRF
|
| 080 |
|
|
|a (031)
|2 MRF
|
| 100 |
1 |
|
|a Miller, David,
|d 1938-
|7 xx0018849
|4 aut
|
| 245 |
1 |
0 |
|a Moderní námořní boj :
|b ilustrovaná encyklopedie /
|c David Miller, Chris Miller ; překlad Petr Janeček
|
| 246 |
3 |
0 |
|a Námořní boj
|
| 250 |
|
|
|a 1. české vyd.
|
| 260 |
|
|
|a Praha :
|b Naše vojsko,
|c 2009
|
| 300 |
|
|
|a 207 s. :
|b barev. il. ;
|c 31 cm
|
| 500 |
|
|
|a Přeloženo z angličtiny
|
| 500 |
|
|
|a Obsahuje rejstřík
|
| 650 |
0 |
7 |
|a vojenské lodě
|7 ph127194
|2 czenas
|
| 650 |
0 |
7 |
|a vojenské ponorky
|7 ph138738
|2 czenas
|
| 650 |
0 |
7 |
|a námořní bitvy
|7 ph203871
|2 czenas
|
| 650 |
0 |
9 |
|a warships
|2 eczenas
|
| 650 |
0 |
9 |
|a military submarines
|2 eczenas
|
| 650 |
0 |
9 |
|a naval battles
|2 eczenas
|
| 655 |
|
7 |
|a encyklopedie
|7 fd132201
|2 czenas
|
| 655 |
|
9 |
|a encyclopedias
|2 eczenas
|
| 700 |
1 |
|
|a Miller, Chris,
|d 1947-
|7 xx0106380
|4 aut
|
| 765 |
0 |
|
|t Modern naval combat
|9 Česky
|
| 910 |
2 |
|
|a BOA001
|b 4-1477.836
|
| 990 |
|
|
|a BK
|
| 995 |
|
|
|a 01
|
| 996 |
6 |
|
|b 2610964391
|c 4-1477.836
|l MZK
|r Sklad / do 1 hodiny
|n 0
|p dar
|w 001957200
|u 000010
|a 1
|e BOA001
|j MZK50
|s P
|